| 000 | 00433 a2200145 4500 | ||
|---|---|---|---|
| 082 | _a346.5491013 | ||
| 090 |
_c1080 _d1080 |
||
| 100 | _aAhmad,Anis | ||
| 245 |
_aWomen and Social Justice _bSome Legal and Social Issues in Contemporary Muslim Society _cAnis Ahmad |
||
| 250 | _a1st edition | ||
| 260 |
_aIslamabad _bInstitute of Policy Studies. _c1991 |
||
| 300 | _a128p | ||
| 500 | _aPaper cover | ||
| 942 |
_aNBS _cBK _k346.5491013 ANI |
||
| 999 |
_c343612 _d343612 |
||